000 00618nam a2200181Ia 4500
008 100921s9999 xx 000 0 und d
082 _b11723
_a891.463 थ 75
100 _aभावे पुरूषोत्तम भास्कर.
245 _aशेवटचे दिवस.
260 _bमेनका प्रकाशन,पुणे.
_c1975
300 _a252
_b---
365 _b15
520 _aललित-कादंबरी.
630 _aशेवटचे दिवस.
650 _aललित-कादंबरी.
730 _aशेवटचे दिवस.
942 _cBOOK
999 _c760836
_d760833